Értekezés A Polgári Házasságról

Bibliographic Details
Main Author: Porubský, Jozef, 1812-1900 (Author)
Corporate Author: Az Érs. Lyc. Könyv-És Könyomdájában (Eger, Maďarsko) (Printer)
Format: Book
Language:Hungarian
PhysicalDescription:42 s. 23 cm
Published: Egerben Nyomatott Az Érs. Lyc. Könyv-És Kőnyomdájában 1868
Subjects:

MARC

LEADER 00000nam a2200000 4500
001 vtls011210122
003 SK-MaSNL
005 20260301091725.0
008 251112s1868 hu 0 0n0 hun
015 |a SNBHFA1868 
020 |q (viaz.) 
035 |a 0D040E87-CEA8-4E1A-9D10-D64D071A69D4 
035 |a urn:nbn:sk:snk-amyfto 
035 |a urn:nbn:sk:snk-am00cm80 
040 |a SNKHF  |b slo  |c SNK  |e AACR2 
041 0 |a hun 
044 |a hu  |c HU 
072 7 |a 2-74  |x Náboženské právo. Cirkevné právo  |2 konspekt 
072 7 |a 93/94  |x Dejiny (všeobecne)  |2 konspekt 
080 |a 348  |2 2001 
080 |a 27-74  |2 2001 
080 |a 93/94  |2 2001 
100 1 |a Porubský, Jozef,  |d 1812-1900  |4 aut  |9 390930 
245 1 0 |a Értekezés A Polgári Házasságról  |c Irta Porubský József, Az Egri Érseki Lyceumban Az Egyházi Jog És Történelem Ny. R. Tanára, A Hittani Kar Idősbje, A Sz. MM. Bölcsészet És Egyházjog Tudora, Zsinati Vizsgáló, S Az Egri Fő-szentszéknél A Házassági Kötelék És Szerzetesi Fogadalom Véde S Ülnök 
260 |a Egerben  |b Nyomatott Az Érs. Lyc. Könyv-És Kőnyomdájában  |c 1868 
300 |a 42 s.  |c 23 cm 
501 |a Príväzok 28. k: STERNE, Ferdinand. Egyházi Beszéd Mellyet Szent István Király' ünneplésekor, Bécsben, a' T. T. kapuczinus atyák' templomában 1846-ik évi augustus 23kán. Bécsben: Nyomatott J. P. Sollingernél, [1846].  |5 SNK IC 142326 
504 |a Tlačené poznámky pod čiarou 
546 |a Maďarčina  |b Antikva 
561 |a Okrúhla pečiatka: Rimely Károly Lekéri Apát.  |5 SNK IC 142326 
650 0 7 |a dejiny  |2 SNKPH  |9 3825 
650 0 7 |a cirkevné právo  |2 SNKPH  |9 978 
650 0 7 |a sobáše  |2 SNKPH  |9 29762 
700 1 |a Rimely, Karol,  |d 1825-1904  |4 fmo  |9 177562 
710 2 |a Az Érs. Lyc. Könyv-És Könyomdájában (Eger, Maďarsko)  |4 prt  |9 421446 
752 |a Maďarsko  |d Eger 
852 |a snk  |b Historické fondy  |p IC 142326 
958 |a ONDV 
999 |c 671981  |d 673911 
952 |t RI 208  |a SNK  |b SNK  |c SNK_HF  |y PREZ  |7 0  |p 17A1128124  |o snkIC 142326/prív.28  |i snk2015/25312  |8 5  |0 0  |1 0  |4 0  |d 2015-11-11  |f 1  |l 0  |r 2026-02-23 19:30:00  |w 2026-02-23